Organización supramunicipal y sistema de articulación entre administración autonómica y orden local : (la experiencia de la RFA. Bases y perspectivas en España) / José Esteve Pardo (la experiencia de la RFA. Bases y perspectivas en España) / José Esteve Pardo
MARC
| LEADER | 00000nam a2200000Ia 4500 | ||
|---|---|---|---|
| 001 | 18340 | ||
| 008 | 160829s1991 xx 000 0 cat d | ||
| 020 | |a 84-7398-954-6 | ||
| 080 | |a M-5-289 | ||
| 100 | |a Esteve Pardo, José |9 179 | ||
| 245 | |a Organización supramunicipal y sistema de articulación entre administración autonómica y orden local : |b (la experiencia de la RFA. Bases y perspectivas en España) / José Esteve Pardo | ||
| 260 | |a Barcelona : |b Diputació de Barcelona : |b Civitas, |c 1991 | ||
| 300 | |a 248 p. ; |c 20 cm | ||
| 490 | |a Monografías (Civitas) | ||
| 590 | |a Bibliografia | ||
| 650 | |a Administració local |x Alemanya (Oest) |9 24508 | ||
| 650 | |a Administració local |x Dret i legislació |x Alemanya (Oest) |9 24509 | ||
| 650 | |a Administració autonòmica |x Espanya |9 42503 | ||
| 710 | 1 | |a Barcelona (Catalunya : Província). |b Diputació |9 52408 | |
| 901 | |a Arxiu | ||
| 942 | |n 1 | ||
| 952 | |0 0 |1 0 |4 0 |6 M5289 |7 1 |9 43189 |a Arxiu |b Arxiu |d 2016-12-01 |l 0 |o M-5-289 |p 18340 |r 2016-12-01 00:00:00 |w 2016-12-01 |y ARXIU | ||
| 999 | |c 45733 |d 45733 | ||